| 000 -LEADER |
| fixed length control field |
01674 a2200301 4500 |
| 003 - CONTROL NUMBER IDENTIFIER |
| control field |
Nust |
| 005 - DATE AND TIME OF LATEST TRANSACTION |
| control field |
20220803105522.0 |
| 010 ## - LIBRARY OF CONGRESS CONTROL NUMBER |
| LC control number |
2007367331 |
| 020 ## - INTERNATIONAL STANDARD BOOK NUMBER |
| International Standard Book Number |
0863415377 |
| 020 ## - INTERNATIONAL STANDARD BOOK NUMBER |
| International Standard Book Number |
9780863415371 |
| 040 ## - CATALOGING SOURCE |
| Transcribing agency |
Nust |
| 082 00 - DEWEY DECIMAL CLASSIFICATION NUMBER |
| Classification number |
621.317,GER |
| 100 1# - MAIN ENTRY--PERSONAL NAME |
| Personal name |
Gers, Juan M. |
| 9 (RLIN) |
96384 |
| 245 10 - TITLE STATEMENT |
| Title |
Protection of Electricity Distribution Networks / |
| Statement of responsibility, etc. |
Juan M. Gers and Edward J. Holmes. |
| 250 ## - EDITION STATEMENT |
| Edition statement |
2nd. ed. |
| 260 ## - PUBLICATION, DISTRIBUTION, ETC. |
| Place of publication, distribution, etc. |
London : |
| Name of publisher, distributor, etc. |
Institution of Electrical Engineers, |
| Date of publication, distribution, etc. |
c2004 |
| 300 ## - PHYSICAL DESCRIPTION |
| Extent |
x, 342 p. : |
| Other physical details |
ill. ; |
| Dimensions |
24 cm. |
| 490 0# - SERIES STATEMENT |
| Series statement |
IEE power and energy series ; |
| Volume/sequential designation |
47 |
| 505 ## - FORMATTED CONTENTS NOTE |
| Formatted contents note |
Introduction (Page-1), Calculation of short-circuit currents (Page-11), Classification and function of relays (Page-31), Current and voltage transformers (Page-45), Over current protection (Page-63), Fuses, reclosers and sectionalisers (Page-109), Directional overcurrent relays (Page-127), Differential protection (Page-149), Distance protection (Page-173), Protection of industrial systems (Page-225), Industrial plant load shedding (Page-239), Protection schemes and substation design Diagrams (Page-251), Processing alarms (Page-269), Installation, testing and maintenance of protection systems (Page-283), |
| 650 #0 - SUBJECT ADDED ENTRY--TOPICAL TERM |
| Topical term or geographic name entry element |
Electric power distribution. |
| 9 (RLIN) |
41221 |
| 650 #0 - SUBJECT ADDED ENTRY--TOPICAL TERM |
| Topical term or geographic name entry element |
Electric power transmission. |
| 9 (RLIN) |
41269 |
| 650 #0 - SUBJECT ADDED ENTRY--TOPICAL TERM |
| Topical term or geographic name entry element |
Telecommunication Engineering |
| 700 1# - ADDED ENTRY--PERSONAL NAME |
| Personal name |
Holmes, E. J. |
| Dates associated with a name |
1928- |
| 9 (RLIN) |
96385 |
| 710 2# - ADDED ENTRY--CORPORATE NAME |
| Corporate name or jurisdiction name as entry element |
Institution of Electrical Engineers. |
| 856 41 - ELECTRONIC LOCATION AND ACCESS |
| Materials specified |
Publisher description |
| Uniform Resource Identifier |
<a href="http://www.loc.gov/catdir/enhancements/fy0652/2007367331-d.html">http://www.loc.gov/catdir/enhancements/fy0652/2007367331-d.html</a> |
| 856 41 - ELECTRONIC LOCATION AND ACCESS |
| Materials specified |
Table of contents only |
| Uniform Resource Identifier |
<a href="http://www.loc.gov/catdir/enhancements/fy0652/2007367331-t.html">http://www.loc.gov/catdir/enhancements/fy0652/2007367331-t.html</a> |
| 942 ## - ADDED ENTRY ELEMENTS (KOHA) |
| Koha item type |
Reference |
| Source of classification or shelving scheme |
|